| 000 | 00000nam##2200000za#4500 |
| 001 | 9.640486 |
| 003 | CaOODSP |
| 005 | 20210624222707 |
| 007 | cr ||||||||||| |
| 008 | 150407|1999||||xxc|||||o f|0| 0 fre|d |
| 040 | |aCaOODSP|bfre |
| 043 | |an-cn--- |
| 086 | 1 |aH39-502/1999F-PDF |
| 110 | 1 |aCanada.|bSanté Canada. |bDirection générale de la politique et de la consultation. |
| 245 | 13|aLe système de soins de santé au Canada |h[ressource électronique] |
| 260 | |aOttawa - Ontario : |bSanté Canada. |c[1999]. |
| 300 | |a12p.|bfigure, graphiques |
| 500 | |aLe n° de catalogue (H39-502/1999) et l'ISBN (0-662-64433-6) de l'édition imprimée bilingue ont été incorrectement copiés dans l'édition électronique. |
| 520 | 3 |aCette publication décrit le système de santé du Canada : ce qu'il offre, de quelle façon il est administré et le rôle des gouvernements fédéral et provinciaux. On y explique les cinq principes à la base du régime d'assurance-maladie (tels que définis dans la Loi canadienne sur la santé) : administration publique, intégralité, universalité, accessibilité et transférabilité. Découvrez comment fonctionne le système canadien de santé: les services qu'il offre, son historique et son avenir. On y dresse également un portrait clair des structures de financement, des coûts et des retombées au niveau de l'économie et de la santé. |
| 590 | |a12-30-Supp|b2012-06-28 |
| 691 | 07|aRégime de soins de santé|2gcpds |
| 775 | 08|tCanada's health care system |w(CaOODSP)9.696370 |
| 776 | 0#|tCanada's health care system |w(CaOODSP)9.661253 |
| 776 | 0#|tLe système de soins de santé au Canada |w(CaOODSP)9.661254 |
| 856 | 40|ahttp://publications.gc.ca|qPDF|s166 Ko|uhttps://publications.gc.ca/collections/Collection/H39-502-1999F.pdf |